000 00248nam a2200109Ia 4500
008 190216s9999||||xx |||||||||||||| ||und||
100 _aKamna Malik
245 0 _aManagement Information Systems
260 _bNull
_c1999
300 _a151p
942 _cBK
999 _c5727
_d5727